000 00622nam a2200229Ia 4500
003 OSt
005 20220928133213.0
006 a|||||r|||| 00| 0
007 ta
008 220927b |||||||| |||| 00| 0 eng d
024 _a120323
037 _cTextual
040 _aSDCL
_cSDCL
_beng
041 _2eng
_aeng
082 _a2jM92, M3.1
100 _aSharma C D
_9484760
245 0 _aDeveloping horizons in libraray and information science.
260 _aJaipur
_bPrintwell Pulishing
_c1983
490 _vV1 V2. 252p.
942 _h2jM92, M3.1
_cTEXL
_2CC
999 _c798297
_d798297